[Event "Lueneburg op"]
[Site "Lueneburg"]
[Date "2014.08.16"]
[Round "8"]
[White "Bohnstorff, Michael"]
[Black "Reuter, Maximilian"]
[Result "1-0"]
[WhiteElo "2044"]
[BlackElo "1814"]
[PlyCount "79"]
[EventDate "2014.08.09"]
[EventType "swiss"]
[EventRounds "9"]
[EventCountry "GER"]
[SourceTitle "CBM 161 Extra"]
[Source "ChessBase"]
[SourceDate "2014.08.29"]
[SourceVersion "1"]
[SourceVersionDate "2014.08.29"]
[SourceQuality "1"]

1. e4 c6 2. d4 d5 3. e5 Bf5 4. c3 e6 5. Ne2 c5 6. Ng3 Bg6 7. h4 h6 8. h5 Bh7 9. Bd3 Bxd3 10. Qxd3 Nc6 11. a3 Qb6 12. Rh4 Rc8 13. Nd2 cxd4 14. cxd4 Be7 15. Rg4 Bg5 16. Nb3 f5 17. exf6 Nxf6 18. Bxg5 Nxg4 19. Qg6+ Kf8 20. Nc5 Rc7 21. Nxe6+ Kg8 22. Nxc7 Qxc7 23. Qe6+ Qf7 24. Qxg4 hxg5 25. Kf1 Qf6 26. Re1 Kh7 27. Qf5+ Qxf5 28. Nxf5 Rf8 29. g4 Rf7 30. Re8 g6 31. hxg6+ Kxg6 32. Kg2 a5 33. f3 Kf6 34. Re3 Rd7 35. Kf2 Rh7 36. Kg3 Rh1 37. Rb3 Rd1 38. Rb6 Rd2 39. b4 axb4 40. axb4 1-0